000
00378nam a2200145Ia 4500
008
230718s9999 xx 000 0 und d
041
_a
Eng.
082
_a
891.43
_b
قرا-س
100
_a
قراة العین حیدر
245
0
_a
ستاروں سے آگے
260
_a
Pakistan
_b
میدان پہلی شہر لاہو؟
_c
2002
300
_a
208
650
_a
Law
999
_c
28772
_d
28772